00931nam a2200241 a 450000100060000000300080000600500170001400800410003103500200007204000340009204100080012608200300013410000340016424500720019826000720027030000340034250400410037665000490041765000490046694200120051599900170052795201450054458682BD-RjUL20211209080640.0161219s1962 njua b 001 0 eng  a(BD-RjUL) 58806 dUPvMLCaBD-RjULbengcBD-RjUL aeng a338.9173059223bWOF 19621 aWolf, Charles,d1924-917441810aForeign aid :btheory and practice in southern Asia /cCharles Wolf aPrinceton, NJ :bPrinceton University Press,cc1960 [Printing 1962] axix, 442 p. :bill. ;c25 cm. aBibliographical footnotes and index. 0aEconomic assistance, AmericanzAsia.9174419 0aMilitary assistance, AmericanzAsia.9174420 2ddccBK c58682d58682 00102ddc40718NFICaRUCLbRUCLcReadingd1963-02-01eMirza bookg37.50l0o338.9173059 WOF 1962r2016-12-19 00:00:00tC-1w2016-12-19yBK